[Event "HCL-C4047"]
[Site "www.playchess.de"]
[Date "2006.02.02"]
[Round "13"]
[White "ama49"]
[Black "epenz"]
[WhiteElo "1190"]
[BlackElo "993"]
[PlyCount "109"]
[Result "1-0"]

1.e4 e5 2.Nf3 Nc6 3.Bc4 d6 4.d4 exd4 5.Nxd4 Nf6 
6.Nc3 Be7 7.O-O O-O 8.Nxc6 bxc6 9.Re1 Bb7 10.Bg5 
h6 11.Bh4 a5 12.Bd3 d5 13.exd5 cxd5 14.Bxf6 Bxf6 
15.Qg4 Bxc3 16.bxc3 c5 17.Qf5 g6 18.Qg4 Qf6 19.c4 
d4 20.Ref1 Kh7 21.Rab1 Rab8 22.Rb5 Qg5 23.Qxg5 
hxg5 24.Rxc5 Rba8 25.Rxg5 f5 26.f4 Rae8 27.Rg3 Be4 
28.Re1 Re7 29.Bxe4 fxe4 30.Rg4 e3 31.Re2 Kh6 
32.Rh4+ Kg7 33.Rg4 Rc7 34.f5 Rf6 35.fxg6 Rxc4 
36.h4 Rxg6 37.Rxg6+ Kxg6 38.Kh2 Rc5 39.Kg3 Kh5 
40.Kh3 Kg6 41.g4 Kf6 42.Kg3 Ke5 43.h5 Ke4 44.Kh4 
d3 45.cxd3+ Kxd3 46.Rh2 Rc2 47.Rh3 Kd2 48.h6 e2 
49.Rh2 Kd1 50.Rxe2 Rxe2 51.g5 Rh2+ 52.Kg4 Rxh6 
53.gxh6 a4 54.h7 a3 55.h8Q 1-0

[Event "HCL-B3862"]
[Site "www.playchess.de"]
[Date "2006.02.02"]
[Round "5"]
[White "pytolo98"]
[Black "gronico"]
[WhiteElo "1218"]
[BlackElo "1160"]
[PlyCount "62"]
[Result "0-1"]

1.e4 g6 2.d4 Bg7 3.Nc3 d6 4.h3 Nf6 5.Bg5 O-O 6.Nf3 
h6 7.Bxf6 Bxf6 8.Qe2 Nc6 9.O-O-O a5 10.g4 a4 11.a3 
Bd7 12.e5 dxe5 13.dxe5 Bg7 14.Qe4 e6 15.h4 Qe7 
16.Bb5 Ra5 17.h5 g5 18.Bd3 Rb8 19.Qh7+ Kf8 20.Nb5 
Nxe5 21.Nxe5 Bxe5 22.Qxh6+ Bg7 23.Qh7 f5 24.h6 
Bxb2+ 25.Kxb2 Qxh7 26.Nxc7 Qh8+ 27.c3 Rc8 28.Nb5 
Bxb5 29.Rh5 Qxc3+ 30.Ka2 Bxd3 31.Rhh1 
Bc4+ 0-1

[Event "HCL-C4127"]
[Site "www.playchess.de"]
[Date "2006.02.02"]
[Round "5"]
[White "epenz"]
[Black "Skipper_Robert"]
[WhiteElo "980"]
[BlackElo "958"]
[PlyCount "69"]
[Result "1-0"]

1.e4 e5 2.Nf3 Qf6 3.Nc3 Bc5 4.Bc4 c6 5.d3 b5 6.Bb3 
d6 7.O-O Ne7 8.Re1 Ng6 9.Bg5 Qxf3 10.Qxf3 h6 
11.Be3 Nh4 12.Qg3 g5 13.Bxc5 dxc5 14.Qe3 c4 
15.dxc4 O-O 16.Rad1 Bg4 17.f3 Be6 18.cxb5 Bxb3 
19.axb3 cxb5 20.Nxb5 a6 21.Nd6 Nc6 22.c4 a5 23.Qb6 
Nb4 24.Rda1 Rfb8 25.Qc7 Nc2 26.Qxf7+ Kh8 27.Qf6+ 
Kg8 28.Nf5 Nxf5 29.Qxf5 Nxe1 30.Qg6+ Kf8 31.Qxh6+ 
Ke8 32.Qe6+ Kf8 33.Rxe1 Rxb3 34.Qf6+ Ke8 
35.Qc6+ 1-0

[Event "HCL-E1546"]
[Site "www.playchess.de"]
[Date "2006.02.02"]
[Round "33"]
[White "Harijs"]
[Black "FlatoA"]
[WhiteElo "1832"]
[BlackElo "1424"]
[PlyCount "51"]
[Result "1-0"]

1.d4 {Hello from Latvia!}  e6 {Hi}  2.e4 d5 3.Nd2 
Bd7 4.Ngf3 c5 5.Be2 Nc6 6.exd5 exd5 7.dxc5 Bxc5 
8.Nb3 Qb6 9.O-O Nf6 10.Bg5 Be6 11.Bxf6 gxf6 12.a4 
a5 13.Nxc5 Qxc5 14.Qd2 h5 15.Ra3 Ke7 16.Rb3 Ra7 
17.Rb5 Qd6 18.Rd1 Qc7 19.Nh4 Raa8 20.Bf3 Rad8 
21.Bxd5 Rxd5 22.Rxd5 Bxd5 23.Qxd5 Nb4 24.Nf5+ Ke8 
25.Qe4+ Kf8 26.Qxb7 1-0

[Event "HCL-E1510"]
[Site "www.playchess.de"]
[Date "2006.02.02"]
[Round "2"]
[White "Sinla"]
[Black "kendo"]
[WhiteElo "1752"]
[BlackElo "1548"]
[PlyCount "65"]
[Result "1-0"]

1.e4 {Have a nice game.}  e6 {good luck!}  2.d4 d5 
3.Nd2 Bb4 4.c3 Ba5 5.Nb3 Bb6 6.a4 c6 7.exd5 cxd5 
8.Nf3 Nf6 9.Bd3 Nc6 10.O-O O-O 11.Re1 Qd6 12.Ne5 
Bc7 13.Bf4 Qd8 14.Qf3 Nxe5 15.dxe5 Ne8 16.Qg4 f5 
17.Qg3 Kh8 18.Bg5 Qd7 19.Nc5 Qf7 20.Qh4 g6 21.a5 
b6 22.axb6 Bxb6 23.Na4 Bb7 24.Nxb6 axb6 25.Rxa8 
Bxa8 26.Be7 Rg8 27.Bd8 Qb7 28.Bf6+ Nxf6 29.Qxf6+ 
Rg7 30.Qxe6 d4 31.Bf1 d3 32.Qd6 Rd7 33.Qf8+ 
{Thanks for playing}  1-0

[Event "HCL-M878"]
[Site "www.playchess.de"]
[Date "2006.02.02"]
[Round "9"]
[White "Lorsch"]
[Black "Duffy"]
[WhiteElo "1784"]
[BlackElo "1580"]
[PlyCount "57"]
[Result "1-0"]

1.e4 {Hello and good luck and a happy new year!}  
c5 {hi, best of luck, Happy New year to you too!}  
2.Nf3 d6 3.d4 cxd4 4.Nxd4 Nf6 5.Nc3 a6 6.Bg5 e6 
7.f4 Be7 8.Qf3 h6 9.Bh4 Qc7 10.O-O-O Nc6 11.Be2 
Nxd4 12.Rxd4 Bd7 13.Rhd1 O-O-O 14.e5 Bc6 15.exf6 
Bxf3 16.fxe7 Rd7 17.gxf3 d5 18.f5 Qxh2 19.Rg4 Qe5 
20.fxe6 fxe6 21.f4 Qe3+ 22.Kb1 g5 23.fxg5 hxg5 
24.Bxg5 Qe5 25.Bf4 Qf6 26.Na4 e5 27.Bg5 Qd6 28.Rh4 
Rxh4 29.e8Q+ 1-0

[Event "HCL-A2490"]
[Site "www.playchess.de"]
[Date "2006.02.02"]
[Round "9"]
[White "cliffoliveira"]
[Black "kali"]
[WhiteElo "1436"]
[BlackElo "1456"]
[PlyCount "69"]
[Result "1/2-1/2"]

1.d4 Nf6 2.c4 e6 3.Nf3 c5 4.Nc3 cxd4 5.Nxd4 Bb4 
6.Qc2 O-O 7.g3 d5 8.cxd5 Nxd5 9.Bg2 Nxc3 10.bxc3 
Qxd4 11.O-O Qxc3 12.Qxc3 Bxc3 13.Rb1 Nc6 14.Ba3 
Rd8 15.Rfc1 Bd2 16.Rcd1 Ba5 17.Bxc6 bxc6 18.Rdc1 
Bd7 19.Rb7 Be8 20.Bc5 Rd7 21.Rxd7 Bxd7 22.Rb1 Bc8 
23.Rd1 Ba6 24.Rd7 Bxe2 25.Bxa7 Kf8 26.Bc5+ Ke8 
27.Re7+ Kd8 28.Rxf7 Ra6 29.Rxg7 Bc3 30.Rg8+ Kd7 
31.a3 Bb2 32.Rf8 Bxa3 33.Rf7+ Ke8 34.Rf8+ Kd7 
35.Rf7+ {(offering draw)}  1/2-1/2

[Event "HCL-E1552"]
[Site "www.playchess.de"]
[Date "2006.02.02"]
[Round "2"]
[White "Nimzoindianboy"]
[Black "Rochemback"]
[WhiteElo "1498"]
[BlackElo "1499"]
[PlyCount "32"]
[Result "0-1"]

1.Nf3 {HI FROM BRAZIL}  Nf6 {ola de portugal}  
2.c4 e6 3.b3 {DE Q CIDADE ES AMIGO}  Nc6 {Lisboa}  
4.Bb2 d6 5.e3 Be7 6.d4 d5 7.Nbd2 O-O 8.Bd3 Nb4 
9.Bb1 dxc4 10.Nxc4 Nc6 11.O-O b5 12.Nce5 Nxe5 
13.Nxe5 Bb7 14.Ng4 Qd5 15.Nxf6+ Bxf6 16.Qd3 
Qxg2+ 0-1

[Event "HCL-B3847"]
[Site "www.playchess.de"]
[Date "2006.02.02"]
[Round "16"]
[White "IRONMAIDEN"]
[Black "xmen"]
[WhiteElo "1253"]
[BlackElo "1463"]
[PlyCount "42"]
[Result "0-1"]

1.d4 {Hello!}  Nf6 {Nice to met you again!}  2.Nc3 
g6 3.Bf4 Bg7 4.e3 O-O 5.Bd3 d6 6.Qe2 Ne8 7.O-O-O 
e5 8.dxe5 dxe5 9.Bg3 Nc6 10.Bxg6 Qf6 11.Be4 Nd6 
12.Qh5 Nxe4 13.Nxe4 Qe6 14.Kb1 Nb4 15.b3 a5 16.Qe2 
a4 17.Qc4 axb3 18.Qxb4 bxc2+ 19.Kxc2 Qxa2+ 20.Qb2 
Qa4+ 21.Kd2 Rd8+ 0-1

[Event "HCL-M820"]
[Site "www.playchess.de"]
[Date "2006.02.02"]
[Round "4"]
[White "takis"]
[Black "ragno"]
[WhiteElo "2225"]
[BlackElo "2268"]
[PlyCount "192"]
[Result "1/2-1/2"]

1.e4 c5 2.Nf3 e6 3.d4 cxd4 4.Nxd4 Nc6 5.Nc3 Nf6 
6.Be2 Bb4 7.Nxc6 bxc6 8.O-O d5 9.e5 Nd7 10.Qd4 Qe7 
11.a3 Bc5 12.Qf4 f6 13.exf6 Nxf6 14.Be3 Bd6 15.Qa4 
{(offering draw)}  Bd7 16.Qa5 O-O 17.Rae1 c5 
18.Bg5 Rab8 19.b3 Bc6 20.Bf3 Qd7 21.Qa6 Bc7 22.g3 
c4 23.bxc4 Rb6 24.Qa5 Rb3 25.Qxc7 Qxc7 26.cxb3 
dxc4 27.Bf4 Qc8 28.Bxc6 Qxc6 29.bxc4 Qxc4 30.Rec1 
Qd3 31.Be3 Ng4 32.Bxa7 Qf3 33.Nb1 Qd5 34.Rfd1 Qh5 
35.h4 g5 36.Bc5 Ra8 37.Be7 Qf7 38.Bc5 gxh4 39.Nd2 
Qf5 40.gxh4 Ne5 41.Be3 Qh3 42.Bf4 Nd3 43.Bg3 Nxc1 
44.Rxc1 Rxa3 45.Ne4 Qf5 46.Nd6 Qd5 47.Kh2 Ra8 
48.Re1 Rf8 49.Ne4 h6 50.Re3 Kh7 51.f3 Qd4 52.Rc3 
Qd1 53.Kg2 Qe2+ 54.Bf2 Rg8+ 55.Kh2 Rg7 56.Nf6+ Kg6 
57.Ne4 Rf7 58.Kg2 Rd7 59.Re3 Qa2 60.Rc3 Rg7 61.Kh3 
Qb1 62.Kh2 Qd1 63.Kg2 Kh7+ 64.Kh2 Rb7 65.Kg3 Rf7 
66.Kg2 Qd5 67.Bg3 Qa2+ 68.Bf2 e5 69.Kf1 Qb2 70.Kg2 
Rg7+ 71.Kh2 Qe2 72.Nf6+ Kg6 73.Ne4 Ra7 74.Kg2 Rf7 
75.Ng3 Qd1 76.Ne4 Rf4 77.Rc6+ Kf7 78.Rc7+ Kf8 
79.Rc8+ Ke7 80.Rc3 Rxe4 81.fxe4 Qg4+ 82.Kf1 Qxe4 
83.Re3 Qh1+ 84.Ke2 Ke6 85.Bg3 e4 86.Be1 Qh2+ 
87.Bf2 Qe5 88.Kf1 Kf5 89.Kg2 Qd5 90.Kf1 Qd1+ 
91.Kg2 Kf4 92.Rc3 Qd2 93.Rg3 Qe2 94.Kg1 Qd2 95.Kf1 
h5 96.Kg2 Qe2 {(offering draw)} 
 1/2-1/2

[Event "HCL-C4146"]
[Site "www.playchess.de"]
[Date "2006.02.02"]
[Round "1"]
[White "Tribun"]
[Black "Skipper_Robert"]
[WhiteElo "767"]
[BlackElo "986"]
[PlyCount "46"]
[Result "0-1"]

1.Nc3 d5 2.d4 Nc6 3.e3 Nf6 4.Bd3 Bd7 5.Nf3 e6 6.a3 
Bd6 7.Bd2 O-O 8.Ne2 Qe7 9.O-O e5 10.Ng5 h6 11.e4 
hxg5 12.c3 dxe4 13.Bb1 exd4 14.Bxg5 Bg4 15.f3 Bf5 
16.Ng3 Qe5 17.Nxf5 Qxf5 18.Bxf6 Qxf6 19.fxe4 Qe5 
20.Bd3 Qxh2+ 21.Kf2 Bg3+ 22.Ke2 {schön gemacht}  
Qxg2+ {Dank!}  23.Rf2 Qxf2+ 0-1

[Event "HCL-B3820"]
[Site "www.playchess.de"]
[Date "2006.02.03"]
[Round "32"]
[White "tusnelda"]
[Black "garden"]
[WhiteElo "1182"]
[BlackElo "1084"]
[PlyCount "53"]
[Result "1-0"]

1.e4 e5 2.Nf3 d6 3.Bc4 Bg4 4.d3 h6 5.Nc3 Nc6 6.Bd2 
Nd4 7.h3 Bxf3 8.gxf3 Qf6 9.f4 Be7 10.Nd5 Qg6 
11.Nxc7+ Kd7 12.Nxa8 Qg2 13.Rf1 Qxh3 14.fxe5 Nf3+ 
15.Ke2 Qg4 16.exd6 Bh4 17.Rh1 Nh2+ 18.Ke1 Nf3+ 
19.Ke2 Ne5+ 20.Kf1 Nf3 {(offering draw)}  21.Rxh4 
Nxd2+ 22.Ke1 Qxh4 23.Kxd2 Qf4+ 24.Ke1 Qxd6 25.Qg4+ 
Kc6 26.Qf5 Nf6 27.Qb5+ 1-0

[Event "HCL-E1526"]
[Site "www.playchess.de"]
[Date "2006.02.03"]
[Round "12"]
[White "PLAYCHESS1963"]
[Black "PieceSeeker3"]
[WhiteElo "1725"]
[BlackElo "1585"]
[PlyCount "37"]
[Result "1-0"]

1.e4 c5 2.Nf3 Nc6 3.d4 cxd4 4.Nxd4 Nxd4 5.Qxd4 Qc7 
6.Nc3 e6 7.Be3 Ne7 8.Nb5 Qb8 9.Nd6+ Kd8 10.Nxf7+ 
Ke8 11.Nxh8 Nc6 12.Qd1 Be7 13.Qh5+ Kd8 14.Nf7+ Kc7 
15.O-O-O Bf6 16.Bf4+ e5 17.Nxe5 Nxe5 18.Bxe5+ Bxe5 
19.Qxe5+ 1-0

[Event "HCL-E1526"]
[Site "www.playchess.de"]
[Date "2006.02.03"]
[Round "4"]
[White "HOTSUN"]
[Black "PieceSeeker3"]
[WhiteElo "1626"]
[BlackElo "1585"]
[PlyCount "53"]
[Result "1-0"]

1.e4 {hi happy christmas}  e5 {Merry Christmas to 
you also}  2.Nf3 {thanks}  Nc6 3.Bb5 d6 4.h3 Bd7 
5.O-O Nf6 6.d3 g6 7.Nc3 Bg7 8.Bg5 O-O 9.Nd5 a6 
10.Ba4 b5 11.Bb3 Nd4 12.Nxd4 exd4 13.Qf3 {another 
cunning blunder?}  Be6 {Of course}  14.Nxf6+ Kh8 
15.Nxh7 f6 16.Nxf8 Bxb3 17.Nxg6+ Kg8 18.Bxf6 Bxf6 
19.axb3 c5 20.Qg4 Kf7 21.f4 c4 22.e5 cxd3 23.cxd3 
Qg8 24.exf6 Qxg6 25.Qxg6+ Kxg6 26.g4 Kxf6 
27.Rfe1 1-0

[Event "HCL-M853"]
[Site "www.playchess.de"]
[Date "2006.02.03"]
[Round "3"]
[White "PurpleKnight25"]
[Black "player27"]
[WhiteElo "1785"]
[BlackElo "1751"]
[PlyCount "40"]
[Result "0-1"]

1.e4 c5 {good luck in the tournament}  2.d4 cxd4 
3.c3 Nf6 4.e5 Nd5 5.Nf3 Nc6 6.cxd4 d6 7.Bc4 e6 
8.O-O Be7 9.Qe2 O-O 10.Nc3 Nxc3 11.bxc3 dxe5 
12.Nxe5 Nxe5 13.Qxe5 Bd6 14.Qh5 Qf6 15.Bd3 h6 
16.f4 b6 17.g4 g6 18.Qxh6 Qg7 19.Qh4 Bb7 20.f5 
Qh7 0-1

[Event "HCL-B3769"]
[Site "www.playchess.de"]
[Date "2006.02.03"]
[Round "1"]
[White "mattyboi"]
[Black "pirracas"]
[WhiteElo "1200"]
[BlackElo "1500"]
[PlyCount "74"]
[Result "0-1"]

1.c4 e5 {Hi there (testing, Testing}  2.g3 {hi 
mate hows it goin?
}  Nf6 {Good, funny way of playing}  3.b4 {yea 
right, this is my first game so a bit wierd. whats 
your name?}  Bxb4 {Yea mine too, my name is 
Gonzalo what's yours?}  4.Qb3 {Matt. i live in 
Plymouth, England. where do you live?}  Nc6 {I 
live in Xalapa, Mexico. How old are you?}  5.a3 {i 
was 20 on haloween!! how old are you?}  Ba5 {45 Do 
you play chess often?}  6.f4 {not online. but at 
home with family. what about you?}  d6 {I play 
mostly on USchesslive its a great online program}  
7.c5 {ah cool. have you ever been to england?}  
Bf5 8.Qxb7 Nd4 {Never, I was in Spain twice, but 
that's it for me in Europe. What about 
you?
}  9.Ra2 {i've been to spain but not mexico. i've 
been to the states, texas which is close to 
mexico. so what do you do then?}  Bxb1 {I studied 
biology but now I have a bakery (life takes 
stranges paths). What about you?}  10.Qxb1 {i'm 
about to take a year out and travel australia for 
a year! come back join join the air force! what 
are your hobbies?}  Rb8 {I realy need that kind of 
vacations, one year! My hobbies are to play tennis 
and chess. What about you?}  11.Qd3 {i play 
football (soccer) and chess. can't wait for the 
world cup in germany. think we can win it? do you 
reckon mexico can?
}  Rb3 {I think England could be a winner, but 
Mexico has no chance. But I think Germay is the 
strongest candidate to win. Is a good team and is 
the local}  12.Qa6 {i still think brazil will do 
it tho. they're just too good.do you have a 
family?
}  Qa8 {Yes, Brazil could be too. I have a wife 
(after 18 years!) and 2 daughters. What did you 
study?}  13.e4 {i did biology and physics. i have 
a girlfriend of 3 years. did you study?}  Qxe4+ {I 
made a master degree in Molecular biology, but now 
I'm runing a bakery bussines. So, both of us are 
biologyst. Wich is your field?}  14.Kd1 {i didn't 
do it at university, just at a-level which covers 
a lot of areas. i liked human biology.}  O-O 
15.Qxa5 Qxh1 16.Ke1 Qxg1 17.Qxa7 Rb1 18.Rc2 Nxc2+ 
19.Kd1 Qxf1+ 20.Kxc2 Qxc1+ 21.Kd3 Rb3+ 22.Ke2 Qxc5 
23.Qa4 Qb5+ 24.Qxb5 Rxb5 25.a4 Rb3 26.a5 exf4 
27.gxf4 Ng4 28.a6 Re8+ 29.Kd1 Ra3 30.h3 Ne3+ 
31.dxe3 Ra2 32.a7 Ra8 33.Kc1 R8xa7 34.Kb1 Rh2 
35.f5 Raa2 36.e4 Rag2 37.e5 Rg1+ 0-1

[Event "HCL-E1526"]
[Site "www.playchess.de"]
[Date "2006.02.03"]
[Round "3"]
[White "PieceSeeker3"]
[Black "HOTSUN"]
[WhiteElo "1585"]
[BlackElo "1626"]
[PlyCount "39"]
[Result "1-0"]

1.e4 e5 2.Nf3 Nc6 3.Bb5 a6 4.Ba4 b5 5.Bb3 d6 6.d3 
Bg4 7.O-O Nd4 8.Nbd2 Nxb3 9.axb3 h6 10.c4 b4 11.c5 
dxc5 {? is that a cunning plan or a blunder}  
12.Nc4 {Obviously a cunning blunder :-)}  Bd6 
{hehe}  13.h3 Bxf3 14.Qxf3 Qf6 15.Qe2 Ne7 16.f4 
exf4 17.e5 Qe6 18.Bxf4 Bxe5 19.Qxe5 Qxe5 
20.Bxe5 1-0

[Event "HCL-A2583"]
[Site "www.playchess.de"]
[Date "2006.02.03"]
[Round "6"]
[White "lunchpail"]
[Black "PLUTARCO"]
[WhiteElo "1391"]
[BlackElo "2102"]
[PlyCount "38"]
[Result "0-1"]

1.d4 {have a good game}  Nf6 {Same to you}  2.Nd2 
d5 3.e3 Bf5 4.c4 c6 5.Qb3 Qb6 6.c5 Qxb3 7.Nxb3 e6 
8.Nf3 Nbd7 9.Be2 b6 10.cxb6 axb6 11.O-O c5 12.Bb5 
c4 13.Nbd2 Bd3 14.Re1 Kd8 15.b3 Bb4 16.Ne5 Nxe5 
17.dxe5 Ne4 18.Rd1 Nc3 19.bxc4 
Nxd1 0-1

[Event "HCL-A2566"]
[Site "www.playchess.de"]
[Date "2006.02.03"]
[Round "5"]
[White "cocohubert"]
[Black "lunchpail"]
[WhiteElo "1340"]
[BlackElo "1330"]
[PlyCount "35"]
[Result "1-0"]

1.e4 e5 2.Nf3 d6 3.d4 Nf6 4.dxe5 Nxe4 5.exd6 Bxd6 
6.Bd3 Nc5 7.O-O O-O 8.Be3 Nc6 9.Bxc5 Bg4 10.Bxd6 
Qxd6 11.Nbd2 Rad8 12.h3 Bh5 13.Qc1 Bg6 14.Bxg6 
hxg6 15.c3 Rd7 16.Ne4 Qd5 17.Rd1 Qe6 
18.Nc5 1-0

[Event "HCL-A2554"]
[Site "www.playchess.de"]
[Date "2006.02.03"]
[Round "6"]
[White "Zembla"]
[Black "freno"]
[WhiteElo "1471"]
[BlackElo "1577"]
[PlyCount "52"]
[Result "0-1"]

1.Nc3 {Happy New Year}  d5 {Hello from Paris, and 
happy new year too}  2.e4 d4 3.Nce2 Nc6 4.Ng3 e5 
5.Bb5 Bd7 6.Nf3 Bd6 7.O-O Nf6 8.Nf5 O-O 9.Re1 a6 
10.Bc4 Nxe4 11.Nxg7 Kxg7 12.Rxe4 Bf5 13.Re1 e4 
14.Nxd4 Nxd4 15.c3 Nc6 16.d4 exd3 17.Qh5 Bg6 
18.Qh6+ Kh8 19.h4 Be7 20.h5 Bxh5 21.Bd2 Bg6 22.g3 
Bf6 23.Bb3 Na5 24.Kg2 Nxb3 25.axb3 Qd5+ 26.f3 
Rfe8 0-1

[Event "HCL-M844"]
[Site "www.playchess.de"]
[Date "2006.02.03"]
[Round "19"]
[White "DePoelmeester"]
[Black "ktln2001"]
[WhiteElo "1636"]
[BlackElo "1688"]
[PlyCount "59"]
[Result "1-0"]

1.d4 e6 {Greetings from Kentucky in the United 
States.}  2.e4 d5 3.e5 {hi from Amsterdam}  c5 
4.c3 Nc6 5.Nf3 Qb6 6.Be2 Nh6 7.Qb3 Nf5 8.Qxb6 axb6 
9.Bg5 cxd4 10.Bd3 dxc3 11.Nxc3 Ncd4 12.Bxf5 Nxf5 
13.g4 Nh6 14.Nb5 Bb4+ 15.Ke2 O-O 16.Nc7 Ra5 {Ouch! 
GM}  17.a3 {tnx}  Rc5 {Realize that I was remiss 
in wishing you a Merry Christmas. Wishing you a 
happy new year with much good chess!}  18.Rac1 {I 
wish u very good 2006 with lots of fun and good 
health! cheers}  Rxc1 19.Rxc1 Bxa3 20.bxa3 Bd7 
21.Bxh6 gxh6 22.Nd4 Rc8 23.Kd2 Kg7 24.f4 h5 25.f5 
hxg4 26.fxe6 Be8 {GM}  27.Nf5+ {tnx!}  Kf8 28.e7+ 
Kg8 29.Nxd5 Ra8 30.Nc7 1-0

[Event "HCL-C4072"]
[Site "www.playchess.de"]
[Date "2006.02.03"]
[Round "11"]
[White "Doris"]
[Black "Farquhart"]
[WhiteElo "537"]
[BlackElo "583"]
[PlyCount "35"]
[Result "1-0"]

1.e4 e5 2.Bc4 h5 3.Nf3 Nf6 4.Ng5 Ng4 5.Nxf7 Qf6 
6.Nxh8 g6 7.Bf7+ Kd8 8.f3 Nh6 9.O-O Qxh8 10.Bxg6 
Bc5+ 11.Kh1 Qf6 12.Bxh5 Qg5 13.g4 d6 14.d3 Qh4 
15.Bxh6 Be6 16.Qe2 Nc6 17.Qd2 Qh3 
18.Nc3 1-0

[Event "HCL-B3802"]
[Site "www.playchess.de"]
[Date "2006.02.03"]
[Round "8"]
[White "taroak"]
[Black "mrchess"]
[WhiteElo "1450"]
[BlackElo "1427"]
[PlyCount "59"]
[Result "1-0"]

1.d4 d5 2.Nc3 Nf6 3.Bg5 e6 4.Qd3 Be7 5.O-O-O Ng4 
6.Bxe7 Qxe7 7.Nh3 O-O 8.f3 Nf6 9.e4 a6 10.Be2 Nbd7 
11.exd5 Nxd5 12.Ne4 c5 13.Rhe1 N7f6 14.Bf1 Rd8 
15.dxc5 Bd7 16.Nd6 Nb4 17.Qb3 Nbd5 18.c4 Nc7 
19.Qc2 Nfe8 20.Bd3 Nf6 21.Ng5 g6 22.Ngxf7 Rdf8 
23.Bxg6 Kg7 24.Nf5+ Kxg6 25.Ne5+ Kg5 26.Nxe7 Rae8 
27.Qd2+ Kh5 28.g4+ Kh4 29.Qh6+ Nh5 
30.Qxh5+ 1-0

[Event "HCL-C3994"]
[Site "www.playchess.de"]
[Date "2006.02.03"]
[Round "19"]
[White "herrDokter"]
[Black "garden"]
[WhiteElo "912"]
[BlackElo "1044"]
[PlyCount "76"]
[Result "0-1"]

1.e4 {good luck}  e5 {hi from sao paulo, brazil!}  
2.Nf3 {Hello from Boston, Mass.}  d6 3.Nc3 Bg4 
4.Bc4 a6 5.d3 Nf6 6.Bg5 Be7 7.O-O h6 8.Bxf6 Bxf6 
9.Nd5 c6 10.Ne3 Bxf3 11.Qxf3 b5 12.Bb3 a5 13.a4 b4 
14.Nc4 c5 15.Ne3 Nc6 16.Nf5 Nd4 17.Nxd4 cxd4 
18.Bd5 Rc8 19.Bb3 O-O 20.Qh5 Qe7 21.f4 Kh7 22.f5 
g5 23.fxg6+ fxg6 24.Qg4 h5 25.Bg8+ Rfxg8 26.Qg3 
Bh4 27.Rf7+ Qxf7 28.Qxh4 Rcf8 29.Qg3 Qf4 30.Qxf4 
Rxf4 31.c4 Rgf8 32.c5 dxc5 33.g3 R4f2 34.Re1 Rxb2 
35.Rf1 Rxf1+ 36.Kxf1 Rxh2 37.Kg1 Rd2 38.Kf1 
Rxd3 0-1

[Event "HCL-C4094"]
[Site "www.playchess.de"]
[Date "2006.02.03"]
[Round "7"]
[White "Kaspov"]
[Black "schnitzly"]
[WhiteElo "814"]
[BlackElo "1247"]
[PlyCount "60"]
[Result "0-1"]

1.e4 e5 2.Nf3 Nf6 3.Nxe5 d6 4.Nf3 Nxe4 5.Qe2 Qe7 
6.d3 Nf6 7.Bg5 Qxe2+ 8.Bxe2 Be7 9.O-O O-O 10.Nc3 
a6 11.Rab1 Re8 12.Rfe1 Nc6 13.Bxf6 Bxf6 14.Nd5 Bd8 
15.c3 Be6 16.Nf4 Bf6 17.d4 d5 18.Bd3 Rad8 19.b4 
Rd6 20.a4 Ne7 21.Nh5 Ng6 22.Nxf6+ gxf6 23.Re2 Nf4 
24.Rd2 Nxd3 25.Rxd3 Bf5 26.Rdd1 Bxb1 27.Rxb1 Rde6 
28.h3 R6e2 29.Rc1 Ra2 30.a5 Ree2 0-1

[Event "HCL-A2505"]
[Site "www.playchess.de"]
[Date "2006.02.03"]
[Round "4"]
[White "cabe"]
[Black "kali"]
[WhiteElo "1415"]
[BlackElo "1449"]
[PlyCount "46"]
[Result "1/2-1/2"]

1.e4 e5 2.Nf3 Nc6 3.Bb5 a6 4.Bxc6 dxc6 5.O-O f6 
6.Nc3 Bb4 7.a3 Bxc3 8.dxc3 Qxd1 9.Rxd1 Be6 10.Be3 
Ne7 11.Bc5 b6 12.Bxe7 Kxe7 13.Kf1 Rad8 14.Rd2 
{Happy Newyear!}  Rxd2 15.Nxd2 Rd8 16.Ke2 b5 
17.Rd1 c5 18.Nb3 Rxd1 19.Kxd1 Bxb3 20.cxb3 Kd6 
21.Kc2 g6 22.c4 b4 23.Kc1 a5 {(offering draw)} 
 1/2-1/2

[Event "HCL-M847"]
[Site "www.playchess.de"]
[Date "2006.02.03"]
[Round "2"]
[White "Kimura"]
[Black "temple"]
[WhiteElo "1860"]
[BlackElo "1754"]
[PlyCount "85"]
[Result "1-0"]

1.e4 {Good Luck!}  d5 {Hello}  2.exd5 Nf6 3.d4 
Nxd5 4.c4 Nf6 5.Nf3 e6 6.Nc3 Be7 7.Be2 O-O 8.O-O 
b6 9.Ne5 Bb7 10.Be3 Nbd7 11.Qc2 Rc8 12.Rfd1 c6 
13.c5 Nd5 14.Nxd5 exd5 15.Nxd7 Qxd7 16.b4 Bf6 
17.Rac1 b5 18.h3 Rca8 19.Bg4 Qc7 20.g3 a5 21.Bf4 
Qd8 22.a3 axb4 23.axb4 Bc8 24.Bxc8 Qxc8 25.Kg2 Ra4 
26.Rcb1 Re8 27.Be3 Qe6 28.Kh2 h6 29.Qb2 Qf5 
30.Rba1 Rea8 31.Rxa4 Rxa4 32.Ra1 Qd3 33.Rb1 Qc4 
34.Qb3 Kf8 35.Kg2 Ra2 36.Qxc4 dxc4 37.Rd1 Rb2 
38.d5 cxd5 39.Rxd5 Ke8 40.c6 Bd8 41.Re5+ Kf8 
42.Bc5+ Kg8 43.Re8+ 1-0

[Event "HCL-C4016"]
[Site "www.playchess.de"]
[Date "2006.02.03"]
[Round "10"]
[White "Kelthek"]
[Black "newplayer"]
[WhiteElo "612"]
[BlackElo "1085"]
[PlyCount "90"]
[Result "0-1"]

1.d4 d5 2.Nc3 c6 3.Nf3 e6 4.e3 Bb4 5.Bd2 Bxc3 
6.Bxc3 Ne7 7.Bd3 O-O 8.O-O a5 9.Ng5 g6 10.Qf3 f5 
11.Qh3 h5 12.e4 dxe4 13.Be2 Nd5 14.Bd2 a4 15.Bxh5 
gxh5 16.Qxh5 Nf6 17.Qg6+ Kh8 18.Bc3 Nbd7 19.d5 Qe7 
20.Rae1 Qg7 21.Qxg7+ Kxg7 22.Re3 exd5 23.Ne6+ Kf7 
24.Nxf8 Nxf8 25.Rh3 a3 26.bxa3 Rxa3 27.Bb4 Rxa2 
28.Rh8 Ng8 29.f4 Rxc2 30.Re1 d4 31.Bd6 Kg7 32.Rh5 
Nf6 33.Rg5+ Ng6 34.g3 Ng4 35.Ra1 Nxh2 36.Rh5 Nf3+ 
37.Kf1 Be6 38.Ra4 Bc4+ 39.Rxc4 Rxc4 40.Rxf5 Rc2 
41.g4 d3 42.Bb4 d2 43.Bxd2 Rxd2 44.Ra5 e3 45.Ra1 
Rf2+ 0-1

[Event "HCL-E1522"]
[Site "www.playchess.de"]
[Date "2006.02.03"]
[Round "11"]
[White "vhpower"]
[Black "Emerson"]
[WhiteElo "1607"]
[BlackElo "1780"]
[PlyCount "56"]
[Result "0-1"]

1.e4 {hi}  c5 {also hi! good game!}  2.Nf3 Nc6 
3.d4 cxd4 4.Nxd4 Qb6 5.Nf3 e6 6.Be2 Nf6 7.Nbd2 d5 
8.exd5 Nxd5 9.O-O Be7 10.Nb3 O-O 11.c3 Rd8 12.Qc2 
h6 13.Bd3 Bd7 14.Re1 Rac8 15.Nbd2 Ncb4 16.Bh7+ Kh8 
17.Qb1 Nc6 18.Be4 Nf6 19.Nc4 Qc5 20.Ne3 Nxe4 
21.Qxe4 f5 22.Qc2 f4 23.Ng4 Bd6 24.Qg6 Ne7 25.Qe4 
Bc6 26.Qd4 Bxf3 27.Qxc5 Rxc5 28.gxf3 
h5 0-1

[Event "HCL-A2561"]
[Site "www.playchess.de"]
[Date "2006.02.03"]
[Round "1"]
[White "gridguy"]
[Black "nafets_bln"]
[WhiteElo "1645"]
[BlackElo "1322"]
[PlyCount "39"]
[Result "1-0"]

1.d4 d5 2.c4 Nf6 3.cxd5 Nxd5 4.e4 Nf6 5.Nc3 e5 
6.dxe5 Qxd1+ 7.Kxd1 Ng4 8.Ke2 Nxe5 9.Nf3 Ng4 
10.Nd5 Bc5 11.Nxc7+ Kd7 12.Nxa8 Nxf2 13.Be3 Re8 
14.Bxc5 Nxh1 15.Bxa7 Rxe4+ 16.Kd3 Ra4 17.Nb6+ Kd6 
18.Nxa4 Nc6 19.Bc5+ Kd5 20.Ke3 1-0

[Event "HCL-C3985"]
[Site "www.playchess.de"]
[Date "2006.02.03"]
[Round "11"]
[White "ronan48"]
[Black "Idris"]
[WhiteElo "959"]
[BlackElo "895"]
[PlyCount "50"]
[Result "1-0"]

1.e4 {Hello again !}  e5 {Hi!}  2.Nf3 d6 3.d4 Be7 
4.d5 Nf6 5.Nc3 b6 6.Bd3 Ba6 7.Bxa6 Nxa6 8.a4 Qd7 
9.Be3 c5 10.b3 O-O 11.a5 b5 12.Qd3 Qg4 13.O-O Qh5 
14.Qxb5 Nb4 15.Rfc1 Rfb8 16.Qd7 Ng4 17.Qxe7 Rbe8 
18.Qxd6 f5 19.Bxc5 Rab8 20.Bxa7 Rbc8 21.exf5 Rxc3 
22.Qd7 Rxc2 23.d6 Rxf2 24.Bxf2 Nd3 25.Rc7 
Qh6 1-0